UITU Library & LRC     

Efficient AC Drive System for Tubewell (Record no. 33357)

MARC details
000 -LEADER
fixed length control field 00522nam a2200145Ia 4500
008 - FIXED-LENGTH DATA ELEMENTS--GENERAL INFORMATION
fixed length control field 260210s9999 xx 000 0 und d
024 ## - OTHER STANDARD IDENTIFIER
Standard number or code 18B-030-PE, 18B-038-PE, 17B-002-TE & 17B-096-EE
082 ## - DEWEY DECIMAL CLASSIFICATION NUMBER
Classification number 621.46072 ZAI
100 ## - MAIN ENTRY--PERSONAL NAME
Personal name S. Muhammad Zain, Zargham Mughal, Farah Abbasi & Farooq Ahmed
110 ## - MAIN ENTRY--CORPORATE NAME
Corporate name or jurisdiction name as entry element Dr. Abdul Qadir & Engr. Afifa Rasheed
245 #0 - TITLE STATEMENT
Title Efficient AC Drive System for Tubewell
260 ## - PUBLICATION, DISTRIBUTION, ETC.
Place of publication, distribution, etc. Karachi:
Name of publisher, distributor, etc. UITU,
Date of publication, distribution, etc. 2018
600 ## - SUBJECT ADDED ENTRY--PERSONAL NAME
Personal name Power Engineering
650 ## - SUBJECT ADDED ENTRY--TOPICAL TERM
Topical term or geographic name entry element Bachelor of Engineering (BE)

No items available.

Powered by Koha